00333nam a22000977a 4500082001200000100001600012245011200028260004100140650002600181700002800207 aTHE 200 aSara Viqar  aTH-SOF-0797-IMPROVED RECTANGULAR CONTOUR ALGORITHM FOR M-ary RECTANGULAR QAM FOR BLIND CHANNEL EQUALIZATION aNUST COLLEGE OF EMEbISLAMABADc2001 a MS-ELECT-63 MSTHESIS aDr. Shahzad Amin Sheikh